Networks of volatility spillovers among stock markets

Guardado en:
Detalles Bibliográficos
Autor principal: Baumöhl, Eduard, 1982-
Otros Autores: Kočenda, Evžen, Lyócsa, Štefan, 1982-, Výrost, Tomáš, 1978-
Formato: Capítulo de libro
Lenguaje:inglés
Etiquetas: Agregar Etiqueta
Sin Etiquetas, Sea el primero en etiquetar este registro!

MARC

LEADER 00000nla a2200000 4500
001 0225848
005 20240502073714.8
041 0 |a eng 
044 |a SK 
245 1 0 |a Networks of volatility spillovers among stock markets  |c Eduard Baumöhl, Evžen Kočenda, Štefan Lyócsa, Tomáš Výrost 
500 |a Abstrakt 
100 1 |a Baumöhl, Eduard, 1982- 
700 1 |a Kočenda, Evžen 
700 1 |a Lyócsa, Štefan, 1982- 
700 1 |a Výrost, Tomáš, 1978-